| 000 | 00579 a2200181 4500 | ||
|---|---|---|---|
| 999 |
_c183178 _d183178 |
||
| 005 | 20211220105340.0 | ||
| 010 | _aENG-130408 | ||
| 020 |
_a978-93-5388-778-0 _c495.00 |
||
| 035 | _aEN-113940 | ||
| 037 | _bDBAD/PUB | ||
| 082 |
_a158.1 _b1 |
||
| 100 | _aNihalani, Shobha | ||
| 245 |
_aReboot Reflect Revive: _cShobha Nihalani |
||
| 260 |
_aIndia _bSage Publications Pvt Ltd. _c2021 |
||
| 270 |
_aBI/I-I Mohan Cooperative Industrial Area Mathura Road _bNew Delhi _e110044 |
||
| 300 |
_a218p. _c21cm (pbk) _bAcknowledgement |
||
| 942 |
_adpl _cEN _2ddc _h158.1 _mNIH |
||